[Event "FIDE World Cup"]
[Site "Khanty-Mansiysk"]
[Date "2011.08.29"]
[Round "1.2"]
[White "Wang, Yue"]
[Black "Fier, Alexandr"]
[Result "1/2-1/2"]
[WhiteElo "2709"]
[BlackElo "2566"]
[Annotator "Fier,A"]
[PlyCount "105"]
[EventDate "2011.08.28"]
[EventType "k.o."]
[EventRounds "7"]
[EventCountry "RUS"]
[SourceTitle "CBM 145"]
[Source "ChessBase"]
[SourceDate "2011.11.11"]
[SourceVersion "1"]
[SourceVersionDate "2011.11.11"]
[SourceQuality "1"]

1. d4 Nf6 2. c4 e6 3. Nf3 d5 4. Nc3 c6 5. g3 {A big surprise for me... I was
prepared just for the Catalan or Nf3 and Nc3, not both together! After some
thought my plan was to take the pawn and try to hold it.} dxc4 (5... Nbd7 6.
Bg2 Be7 7. O-O O-O {is the most solid option, but looks like a slightly
improved version of the Catalan.}) 6. Bg2 b5 (6... Nbd7 {avoids Ne5 but gives
White time to play with e4-e5.} 7. O-O b5 8. e4 Bb7 9. e5 Nd5 10. Ng5 {is a
bit dangerous for Black since after} h6 11. Nxe6 $5 {is possible.}) 7. Ne5 Nd5
(7... a6 $5 {is an interesting idea, trying to give back the pawn to open the
diagonal for the black bishop:} 8. Nxc6 Qb6 9. Ne5 Bb7 10. e4 Bb4 {Vachier
Lagrave,M (2721)-Smeets,J (2669) Bundesliga 1011 2010 (3) 0-1 was}) (7... Qb6 {
was a move I had played before, but I didn't remember about it at all!} 8. a4
Bb7 9. O-O a6 10. b3 cxb3 11. Qxb3 Qxd4 12. axb5 $1 axb5 13. Rxa8 Bxa8 14. Bf4
{Tregubov,P (2642)-Fier,A (2653) Barcelona Casino 2009 (7) 1-0 and I entered a
not very nice position...}) 8. e4 Nxc3 (8... Nb4 {is ambitious and after} 9. a3
Qxd4 10. axb4 Qxe5 11. Bf4 Qf6 {White's development clearly compensates for
the two pawns in my opinion.}) 9. bxc3 Be7 {Trying to castle before doing
anything else... I was worried about Qg4 ideas, but at least it forces him to
attack.} (9... Bb7 10. O-O Nd7 11. f4 Be7 {is possible}) ({but} 9... Nd7 10.
Nxc6 Qc7 11. d5 Bb7 12. Nd4 {is better for White.}) 10. a4 b4 {Black's normal
plan is to play with ...Bb7 in this positions, but now it's not possible.} (
10... Bb7 11. Rb1 a6 12. Nxc4 {is the point.}) (10... a6 {is a bit unpleasant}
11. Qg4 O-O 12. O-O {and now} Bb7 {is not possible again due to} 13. Bh6 Bf6
14. Nxc4 $1 bxc4 15. e5 $16) 11. O-O (11. Nxc4 {gives Black time to finish the
development in a reasonable way} Ba6 (11... bxc3 12. Qb3 a5 13. Ba3 O-O 14. O-O
Bxa3 15. Rxa3 Qxd4 16. Rd1 Qc5 17. Qxc3 $14) 12. Qb3 Nd7 13. O-O Nb6 14. Nxb6
Qxb6 15. Rd1 O-O $14) 11... a5 12. Nxc4 bxc3 13. Qb3 Bb4 14. Rd1 O-O 15. Bf4
Na6 $6 {An human move... d5 is a real threat and ...Na6 is a way to avoid it.
The biggest problem is that now White has a really strong idea which I really
under-estimated... Some strange moves were necessary in this position.} (15...
Ba6 {allowing d5 was stronger} 16. d5 Qe8 $1 17. Ne5 cxd5 18. exd5 exd5 19.
Bxd5 Ra7 {is ok for Black.}) 16. Rac1 Ra7 {Still not believing in White's plan.
} 17. Rxc3 $1 Bxc3 18. Qxc3 {[%csl Ra6,Ra7,Gc3,Gc4,Rc8,Rd8,Rf8][%cal Gf4d6]
And now I started to look the position with different eyes... after some
minutes I saw that Black is totally cramped... White has all the black squares
and none of my pieces can do anything... of course, my pawns are hanging too.}
Nb4 19. Bd6 Re8 (19... Ba6 20. Bxf8 Kxf8 21. Ne5 {is just better for White.})
20. Bc5 Rd7 (20... Ra8 21. Bb6 Qe7 22. Bxa5 c5 23. dxc5 Nc6 24. e5 Bb7 25. Bb6
Rxa4 26. Nd6) 21. Bb6 Qg5 22. h4 $1 {Not giving any chance.} (22. Bxa5 c5 {
is ok for Black.}) (22. Nxa5 c5 23. Bxc5 Na6 {is survivable.}) 22... Qe7 23.
Nxa5 Na6 24. Nxc6 Qf8 {A depressing position, but my opponent was going into
time trouble so I had a glimmer of hope...} 25. Bf1 $1 {The most precise,
looking for Bxa6 and Bc5.} f6 26. Na5 (26. Na7 $1 {[%csl Rd7,Re8][%cal Gf1b5]
was more than enough, clearing the a4-e8 diagonal and trying to take on c8} Bb7
27. Bb5 Qd6 28. Bxd7 Qxd7 29. Qc4 {and it would be a good time to think about
tiebreaks...}) 26... Qd6 27. Qc6 $2 {This is just the wrong idea... the white
pieces are much better than the black ones, and it's logical to try to keep
them on the board... In an endgame it is easier for Black to use the king and
hold the game.} (27. Rb1 {was better, but now without a mathematical win...}
Rf7 28. Rb2 $18) 27... Qxc6 28. Nxc6 Rd6 29. Bb5 (29. d5 exd5 30. exd5 Kf7 $16)
29... Bd7 30. Rc1 $2 {Allowing one more exchange!} (30. d5 exd5 31. exd5 Bxc6
32. Bxc6 Rc8) 30... Bxc6 31. Rxc6 (31. Bxc6 {is not possible since Black can
exchange one bishop:} Rc8 32. d5 Nb8 33. Bc5 Rdd8 34. Be3 Nxc6 35. dxc6 {
is just a draw.}) 31... Rxc6 32. Bxc6 Rc8 {It's totally necessary to try to
activate the rook... from the first rank I can attack and defend quite well.} (
32... Rb8 33. a5) 33. Bb5 $6 (33. d5 exd5 34. exd5 Nb4 (34... Kf7 35. d6 Rxc6
36. d7 Rd6 37. d8=Q Rxd8 38. Bxd8 Nb4 {is probably winning}) 35. Bd7 Rc1+ 36.
Kg2 Rd1 37. Bg4 Rd2 38. Be6+ (38. d6 f5 $1 39. Bxf5 Rxd6 40. Bc5 Rf6) 38... Kh8
{was still good for White.}) 33... Rc1+ {... and with an active rook I'm
finally alive again!} 34. Kg2 Nc7 35. Bd7 (35. Bf1 Kf7 36. a5 g6 37. g4 (37. a6
Nxa6) 37... Ke7 38. a6 Kd6 39. a7 Ra1 $11) 35... Kf7 36. Kf3 (36. a5 {was
probably better, as pointed out by the editor, defending the bishop against
the trick seen in the game... and after} g6 $1 {a useful waiting move} (36...
e5 $6 37. dxe5 fxe5 38. Bc8 Na8 39. Bb7 $1 (39. Ba6 Nxb6 40. axb6 Rb1 41. b7
Ke7 {and the bishop is in the wrong place}) 39... Nxb6 40. axb6 Ke6 41. Bd5+
Kd7 42. b7 Kc7 43. f4 exf4 44. gxf4 Rd1 45. h5 $1 h6 (45... Rd3 46. h6 g6 47.
Bg8 Rd7 48. Bd5 $18) 46. Kf3 {[%cal Gf3g4,Gg4f5]}) 37. Kf3 e5 38. dxe5 (38. d5
Ke7 39. Bc6 Kd6 {is ok for Black}) 38... fxe5 39. Bc8 Rc3+ $1 40. Ke2 (40. Kg4
h5+ 41. Kg5 Ne8 42. Bb7 Kg7 43. g4 Nf6 44. gxh5 Nh7+ 45. Kg4 Nf6+ {is a nice
perpetual!}) 40... Na8 41. Bb7 Nxb6 42. axb6 Ke7 43. Bd5 Kd6 44. b7 Kc7 {
and Black holds.}) 36... Ke7 37. Bc8 e5 $1 {It's now White who needs to be
careful, the bishops are unstable.} 38. a5 (38. dxe5 Na8 $1 {this was the
trick.}) (38. d5 Na8) (38. Ke3 Rc3+ 39. Ke2 exd4) 38... exd4 39. Bb7 Kd6 {
Improving the knight to c5 is sufficient for a draw, enough to go to the next
round!} (39... Rc4 40. Ke2 Kd6 41. f4 Rc2+ 42. Kd3 Rc3+ 43. Kd2 Rb3 (43... Rxg3
44. a6 Ra3 45. e5+ Kd7 46. a7 {is quite dangerous for Black.}) 44. e5+ fxe5 45.
fxe5+ Kd7 46. Kc2 Rxg3 47. e6+ Kd6 48. e7 Re3 49. a6 Nb5 50. e8=Q Rxe8 51. Kd3
Re1 52. Kc4 Rb1 53. Bc5+ Ke5 54. Bg2 g6 55. a7 Nxa7 56. Bxa7 {should be a draw.
}) 40. Bxd4 Ne6 41. Bb6 Nc5 42. Ba8 (42. Bd5 f5 $1 {is more than enough} 43.
Kf4 fxe4 44. Bxe4 Rc4 45. f3 Nxe4 46. fxe4 Rb4 47. g4 Rb5 $11) 42... Nd7 43.
Bd5 Ra1 {Trying Ne5-c6.} (43... Nxb6 44. axb6 Rb1 45. b7 Kc7 46. Kf4 {should
the draw too, but White can try for a thousand moves...}) 44. Kg4 Ne5+ 45. Kf5
Ra3 $1 (45... Nc6 46. Bxc6 Kxc6 47. Ke6 Rd1 48. f4) 46. f4 Nd7 47. Bg8 (47. Kg4
$2 f5+ $1 48. Kh3 Nf6 $19) 47... g6+ (47... Rxg3 48. Bxh7 Ke7 49. h5 $11) 48.
Kg4 f5+ {Going directly for the draw.} 49. Kh3 fxe4 50. Bxh7 Nxb6 51. axb6 e3
52. Kg2 e2 53. Kf2 {And here my opponent offered a draw and I accepted, thus
going through to the second round of the World Cup!} (53. Kf2 Rxg3 54. Kxe2 Rg4
55. Kf3 Rxh4 56. Bxg6 Rxf4+ 57. Kxf4 Kc6 $11 {would be a possible continuation.
..}) 1/2-1/2

[Event "GER-ch 86th"]
[Site "Saarbruecken"]
[Date "2015.12.08"]
[Round "6"]
[White "Kunin, Vitaly L"]
[Black "Stern, Rene"]
[Result "1-0"]
[WhiteElo "2561"]
[BlackElo "2538"]
[Annotator "Fischer,J"]
[PlyCount "59"]
[EventDate "2015.12.03"]
[EventType "swiss"]
[EventRounds "9"]
[EventCountry "GER"]
[SourceTitle "CBM 169 Extra"]
[Source "ChessBase"]
[SourceDate "2015.12.18"]
[SourceVersion "1"]
[SourceVersionDate "2015.12.18"]
[SourceQuality "1"]

1. d4 Nf6 2. c4 e6 3. g3 d5 4. Nf3 dxc4 5. Bg2 c5 6. O-O Nc6 7. Ne5 Bd7 8. Na3
cxd4 9. Naxc4 Be7 10. Qb3 Qc7 11. Bf4 Nd5 12. Bxd5 exd5 13. Nxf7 dxc4 14. Qxc4
Qc8 15. Nxh8 Be6 16. Qd3 Bf5 {All das stand schon einmal auf dem Brett, erst
der nächste Zug des Weißen ist eine Neuerung.} 17. e4 Bh3 18. Rfc1 Kf8 {
Schwarz hat eine Qualität und einen Bauern weniger und der Turm auf a8 spielt
nicht mit, aber dennoch bewerten die Engines die Stellung als ausgeglichen.
Allerdings empfehlen sie hier 18....Dd7.} 19. b4 a6 20. a4 Kg8 $6 {Lässt sich
auf eine taktische Abwicklung ein, an deren Ende Weiß besser steht.} ({
In dieser unübersichtlichen Stellungen empfiehlt Komodo stattdessen} 20... Qe6
21. b5 Nb4 22. Qxd4 Rd8 23. Qe3 Kg8 24. Rd1 Rxd1+ 25. Rxd1 Kxh8 {und bewertet
diese Stellung als vollkommen ausgeglichen.}) 21. b5 axb5 22. axb5 Rxa1 23.
Rxa1 Nb4 24. Qxd4 Nc2 25. Qd5+ Kxh8 (25... Be6 26. Ra8 Qxa8 27. Qxe6+ Kxh8 28.
Qxe7 $18) 26. Rc1 {Schwarz hat zwei Figuren für den Turm, aber der Springer
auf c2 ist gefesselt und seine Figuren harmonieren nicht.} Qg4 27. Qf7 h6 28.
Be5 Bc5 29. Qxb7 Kg8 30. Qxg7+ {Schwarz gab auf. Nach 30...Dxg7 31.Lxg7 Kxg7
32.Txc2 hat Weiß zu viele Bauern.} 1-0

[Event "Belgrade Investbank"]
[Site "Belgrade"]
[Date "1989.11.??"]
[Round "2"]
[White "Kozul, Zdenko"]
[Black "Ljubojevic, Ljubomir"]
[Result "0-1"]
[WhiteElo "2560"]
[BlackElo "2635"]
[Annotator "Ftacnik,L"]
[PlyCount "84"]
[EventDate "1989.11.??"]
[EventType "tourn"]
[EventRounds "11"]
[EventCountry "YUG"]
[EventCategory "15"]
[SourceTitle "CBM 016"]
[Source "ChessBase"]
[SourceDate "1990.06.01"]
[SourceVersion "1"]
[SourceVersionDate "1990.06.01"]
[SourceQuality "1"]

1. d4 d5 2. c4 e6 3. Nf3 Nf6 4. g3 Bb4+ 5. Nbd2 O-O 6. Bg2 dxc4 7. O-O c3 8.
Nc4 Nc6 9. Qd3 {N} (9. Qb3 cxb2 10. Bxb2 Be7 11. Rfd1 Rb8 12. Nfe5 Bd7 13. Nxd7
Nxd7 14. Bxc6 bxc6 15. Qc2 Rb5 16. a4 Rh5 17. Qe4 $14 {Gurevich,D-Szekely,P/
Moscow GMA-op/1989/1-0/38/ -> TD 1989/02}) 9... cxb2 10. Bxb2 Be7 11. Rac1 a5
$5 12. Qb1 $6 (12. e4 Nb4 13. Qb1 a4 14. Rfd1 $146) 12... a4 13. e4 a3 14. Ba1
Nb4 15. Rfd1 Ra4 16. Ne3 c6 17. h4 h6 18. Bf1 Bd7 (18... b5 19. d5 (19. Ne5 $5)
19... exd5 20. Bxf6 Bxf6 21. exd5 Nxd5 22. Nxd5 cxd5 23. Qxb5 Bd7 24. Qxd5 Be6
$17) 19. Bc4 b5 20. Bb3 Ra7 21. Ne5 (21. Bc3 Na6 22. Bd2 $40) 21... Be8 22. f4
$6 (22. N5g4 Nxg4 23. Nxg4 $40) 22... Nh5 23. Nf1 (23. Kh2 Bxh4 $1) 23... Qb6
24. Kh2 c5 25. dxc5 Bxc5 26. Rxc5 Qxc5 27. Bd4 Qe7 (27... Qc7 $2 28. Rc1 Qb7
29. Bd1) 28. Rc1 Na6 29. Bxa7 Qxa7 30. Ng4 Nc5 31. Bd1 f5 $1 32. exf5 exf5 33.
Ne5 Ne4 34. Rc2 Qd4 35. Bf3 $2 (35. Bxh5 $5 Bxh5 36. Qxb5 Qd1 $40) 35... b4 36.
Qb3+ Kh7 37. Bxe4 Qxe4 38. Rc7 Bb5 39. Ne3 Nxf4 40. Rc5 Rd8 41. gxf4 Qxf4+ 42.
Kh3 Bf1+ {Ftacnik} 0-1

[Event "World Cup"]
[Site "Khanty-Mansiysk"]
[Date "2009.11.24"]
[Round "2.1"]
[White "Wang, Yue"]
[Black "Savchenko, Boris"]
[Result "1-0"]
[WhiteElo "2734"]
[BlackElo "2644"]
[Annotator "Ftacnik,L"]
[PlyCount "65"]
[EventDate "2009.11.21"]
[EventType "k.o."]
[EventRounds "7"]
[EventCountry "RUS"]
[SourceTitle "CBM 134"]
[Source "ChessBase"]
[SourceDate "2010.01.18"]
[SourceVersion "1"]
[SourceVersionDate "2010.01.18"]
[SourceQuality "1"]

1. d4 d5 2. Nf3 e6 3. c4 Nf6 4. g3 dxc4 5. Bg2 a6 6. Ne5 c5 7. Be3 Nd5 {
The move of the knight is putting the valuable bishop under strain. On the
other hand Black is moving his only developed piece, so the future should
rather belong to the 7...Nbd7 move.} (7... Nbd7 $5 8. Nxc4 Nd5 9. Nc3 Nxe3 10.
fxe3 Be7 11. O-O O-O 12. Qb3 Rb8 13. a4 Nf6 14. Rad1 b5 15. axb5 axb5 16. Ne5
Bb7 17. Bxb7 Rxb7 18. dxc5 Qc7 19. c6 Rbb8 20. Nd7 Nxd7 21. Rxd7 Qxc6 22. Rxe7
Qc5 23. Rd7 Qxe3+ 24. Kg2 b4 25. Rd3 bxc3 26. Rxe3 Rxb3 27. bxc3 $11 {1/2-1/2
Bernstein,D-Manievich,V/Israel 1976 (103)}) (7... cxd4 8. Bxd4 Bc5 (8... Bb4+
9. Nc3 O-O 10. a3 Be7 11. Nxc4 Nbd7 12. O-O Qc7 13. Qb3 Rb8 14. Ba7 Ra8 15. Be3
Rb8 16. Rac1 b5 17. Nd2 Bb7 18. Nd5 Qd8 19. Nxe7+ Qxe7 20. Bxb7 Rxb7 21. Nf3
$16 {1/2-1/2 Benkovic,P (2469)-Pilgaard,K (2437)/Subotica 2003 (67)}) 9. Bxc5
Qa5+ 10. Nd2 Qxc5 11. Ndxc4 Nbd7 12. Qd6 Qxd6 13. Nxd6+ Ke7 14. Ndxf7 Rf8 15.
Nxd7 Nxd7 16. Ng5 Rf5 17. Nxh7 Rh5 18. Be4 Rb5 19. O-O-O {1-0 Stean,M (2510)
-Rodriguez Vargas,O (2485)/Las Palmas 1978}) 8. dxc5 Nxe3 (8... Bxc5 9. Bxc5
Qa5+ 10. Nd2 Qxc5 11. Ndxc4 $16) 9. Qxd8+ Kxd8 10. fxe3 Ke8 11. c6 $1 {The
advance of the c-pawn is very unpleasant for the defender. White is preparing
the fight in the endgame by diminshing the value of Black's pawn structure.} (
11. Nxc4 Bxc5 12. Nc3 Nd7 13. a3 (13. Ne4 Rb8 14. O-O f6 15. Nxc5 Nxc5 16. Rac1
Nd7 17. Rfd1 Ke7 18. Nd6 Ne5 19. Rc7+ Bd7 20. Bxb7 Rhd8 21. Ne4 Ke8 22. Nc5 Bb5
23. Rd4 Bxe2 24. Nxe6 Bf3 25. Nxg7+ {1-0 Horvath,C (2518)-Wittmann,W (2269)/
Austria 2009}) 13... Ke7 14. Kf2 Nf6 15. h3 Rb8 16. b4 Ba7 17. Na5 Bb6 18. Na4
Bxa5 19. bxa5 Bd7 20. Nc5 {1/2-1/2 Huzman,A (2595)-Van Wely,L (2681)/Panormo
2002 (38)} Rhc8 21. Rhc1 Rc7 $11) (11. Nd2 Bxc5 12. Ndxc4 Nd7 13. Nd3 {1/2-1/2
Lastin,A (2622)-Kosyrev,V (2529)/Tomsk 2004}) 11... bxc6 12. Nxc4 a5 {Despite
the presence of the doubled pawns on the e-file Wang Yue has very promising
chances. His pieces can mobilise extremely quickly into fighting positions.} (
12... Ra7 13. Nc3 f6 14. Kf2 e5 15. Rhc1 Rc7 16. Na5 Kd8 17. a3 f5 18. Rd1+ Bd7
19. b4 e4 20. g4 g6 21. Rac1 $16 {1/2-1/2 Cosma,I (2468)-Oms Pallisse,J (2427)/
Balaguer 2001 (31)}) (12... Bc5 13. Nc3 a5 14. Na4 Bb4+ 15. Kf2 Ba6 16. a3 Bxc4
17. axb4 (17. Nb6 Ra6 18. Nxc4 Be7 19. Rhd1 $16) 17... axb4 18. Nc5 Rxa1 19.
Rxa1 Ke7 20. Ra7+ Kf6 21. Rb7 Bb5 {0-1 Razuvaev,Y-Suetin,A/Soviet Union 1972 
(37)} 22. Ne4+ Kg6 (22... Ke5 23. Ng5 Rf8 24. Nxh7 Rd8 25. Ng5 Kf6 26. Ne4+ Kg6
27. Nc5 $16) 23. Nd6 $16) 13. Kf2 Ra6 14. Nbd2 Nd7 15. Rac1 Ke7 $6 {The
defender is trying to cover the d-square, since his dark-squared bishop would
like to go to a more promising square.} (15... Be7 16. Rhd1 h5 17. Ne4 Kd8 18.
Ned6 Kc7 19. Bf3 f5 20. Nf7 $16) 16. Rhd1 g6 17. Nb3 a4 18. Nd6 $1 {[%mdl 4096]
This tactical blow finds Black ill-prepared for the immediate conflict.} (18.
Nd4 c5 19. Nc6+ Kf6 20. Bf3 $16) 18... Nb6 (18... axb3 19. Nxc8+ Kf6 (19... Kd8
20. Bxc6 $18) 20. Rxd7 bxa2 21. Ra7 Rxa7 22. Nxa7 Bd6 23. Ra1 $18) (18... Bb7
19. Nd4 Ba8 20. Bxc6 $16) (18... Bg7 19. Nxc8+ Rxc8 20. Rxd7+ Kxd7 21. Nc5+ $18
) 19. Nc5 Ra7 20. Bxc6 Bh6 $6 {In the end Black even failed to realise his
dubious idea, the bishop on h6 will be inefficient.} (20... Bg7 21. Nb5 Ra5 22.
Nd4 $16) 21. Nxa4 $1 Nxa4 22. Bxa4 Rxa4 (22... Ba6 23. b4 Rd8 24. Ne4 $16) 23.
Nxc8+ Kf6 24. a3 Ra5 25. Nd6 Rf8 26. Rc7 Rh5 27. Kg2 {The new target of
White's attack is the f7-square.} Bxe3 (27... Kg7 28. Rf1 Kg8 29. Nxf7 Bxe3 30.
Rf3 Bd2 31. Nd6 $18) 28. Rf1+ Kg7 29. Rfxf7+ Rxf7 30. Rxf7+ Kg8 31. Re7 Bd4 32.
b4 Re5 33. e4 {Black is missing two pawns and a sensible coordination of his
pieces.} 1-0

[Event "USA-ch"]
[Site "USA"]
[Date "1989.??.??"]
[Round "11"]
[White "Alburt, Lev O"]
[Black "Ivanov, Igor Vasilievich"]
[Result "0-1"]
[WhiteElo "2530"]
[BlackElo "2505"]
[Annotator "Ftacnik,L"]
[PlyCount "82"]
[EventDate "1989.11.??"]
[EventType "tourn"]
[EventRounds "15"]
[EventCountry "USA"]
[EventCategory "12"]
[SourceTitle "CBM 019"]
[Source "ChessBase"]
[SourceDate "1990.12.01"]
[SourceVersion "1"]
[SourceVersionDate "1990.12.01"]
[SourceQuality "1"]

1. d4 Nf6 2. c4 e6 3. g3 d5 4. Bg2 dxc4 5. Nf3 Nc6 6. O-O Rb8 7. a4 b6 $5 {N}
8. e3 Bb7 9. Nbd2 Na5 10. Qc2 Nd5 $1 11. Ne5 (11. Nxc4 Nb4 12. Qc3 Nd5 13. Qc2
$10) 11... Nb4 12. Qd1 $2 (12. Qc3 Nd5 $10) 12... Bxg2 13. Kxg2 Qd5+ 14. Qf3 f5
$1 $17 15. e4 (15. Ra3 Nd3 16. Rc3 Nxe5 17. dxe5 Bb4 $17) 15... Qxd4 16. Qh5+
g6 (16... Ke7 17. Ndf3 $40) 17. Nxg6 hxg6 18. Qxg6+ Kd7 19. Nf3 Qxe4 (19... Qd6
20. Bf4 $40) 20. Re1 Qd5 21. Qf7+ (21. Bf4 Nd3 22. Qf7+ Be7) 21... Be7 22. Bg5
Rbe8 23. Re5 Qc6 (23... Qd6 $5) 24. Rae1 (24. Rd1+ Nd3 $19) 24... Rhf8 25. Qh7
Nd3 26. Rxe6 Nxe1+ 27. Rxe1 Qd6 28. Re2 Nb3 29. Qg7 Rg8 30. Qf7 Rxg5 31. Nxg5
Nd4 32. Re3 (32. Rd2 c5) 32... Rf8 33. Qg7 c5 34. h4 f4 35. Ne4 fxe3 $1 36.
Nxd6 Rxf2+ 37. Kh3 e2 38. Qe5 Bxd6 39. Qe4 Rf3 40. Qb7+ Ke6 41. Qc8+ Ke7 {
Ftacnik,L} (41... Ke7 42. Qb7+ Kf6 43. Qe4 Rxg3+ 44. Kh2 Re3+) 0-1

[Event "USA-ch"]
[Site "USA"]
[Date "1989.??.??"]
[Round "1"]
[White "Miles, Anthony John"]
[Black "Seirawan, Yasser"]
[Result "1/2-1/2"]
[WhiteElo "2580"]
[BlackElo "2585"]
[Annotator "Ftacnik,L"]
[PlyCount "106"]
[EventDate "1989.11.??"]
[EventType "tourn"]
[EventRounds "15"]
[EventCountry "USA"]
[EventCategory "12"]
[SourceTitle "CBM 019"]
[Source "ChessBase"]
[SourceDate "1990.12.01"]
[SourceVersion "1"]
[SourceVersionDate "1990.12.01"]
[SourceQuality "1"]

1. Nf3 d5 2. g3 c5 3. Bg2 Nc6 4. d4 Nf6 5. O-O e6 6. c4 dxc4 7. dxc5 Qxd1 8.
Rxd1 Bxc5 9. Nbd2 Ng4 {N} (9... c3 10. bxc3 Bd7 11. Nb3 Be7 12. Nfd4 O-O-O 13.
Be3 Ne5 14. c4 Ba4 15. Rab1 Rd7 16. Rdc1 $13 {Yusupov,A-Sokolov,A/Linares/1989/
->CBM 11}) 10. Ne4 Be7 11. Nd6+ (11. Nd4 $5 {Miles}) 11... Bxd6 12. Rxd6 Ke7
13. Rd1 Rd8 $6 (13... e5 $1) 14. Rxd8 Kxd8 15. Bd2 e5 16. Rc1 e4 17. Ng5 e3 18.
fxe3 Nge5 19. Nf3 f6 20. Nxe5 (20. Bc3 Be6 21. Nd4 $13) 20... Nxe5 21. Ba5+ Ke7
22. Bc7 $1 Nc6 23. Rxc4 Be6 (23... Kd7 24. Bf4 g5 25. Bxc6+ bxc6 26. Rd4+ $14)
24. Ra4 Rc8 25. Bxc6 Rxc7 (25... bxc6 26. Rxa7 $16) 26. Be4 $1 Rc4 $2 (26...
Bh3 27. Kf2 Rc1 28. g4 $16) 27. Rxc4 Bxc4 28. b3 Ba6 29. Kf2 h6 30. Bd3 Kd6 31.
a3 $2 (31. Bxa6 $2 bxa6 32. Kf3 Ke5 33. e4 Kd4) (31. b4 b5 32. a4 Kd5 33. a5
$16) (31. Kf3 $1 b5 (31... Ke5 32. Kg4) 32. Kg4 $18) 31... b5 32. Kf3 $2 (32.
b4 $16) 32... Bb7+ 33. Kf4 b4 $1 $8 34. axb4 Ke7 35. Kf5 Bc8+ 36. Kg6 (36. Ke4
$14) 36... Kf8 37. Bc4 Bg4 $1 38. e4 Bd7 39. Bd5 Bg4 40. e3 Bd7 41. Bc4 Bg4 42.
h4 Bd7 43. Be2 Be6 44. Bd1 Bd7 45. g4 Be8+ 46. Kh7 Bc6 47. Bc2 Kf7 48. Bd3 Bd7
49. e5 fxe5 50. Bg6+ Kf8 51. Bf5 Bc6 52. Bd3 Bd7 53. Bf5 Bc6 {Ftacnik,L}
1/2-1/2

[Event "Belgrade Investbank"]
[Site "Belgrade"]
[Date "1989.11.??"]
[Round "3"]
[White "Jussupow, Artur"]
[Black "Agdestein, Simen"]
[Result "1/2-1/2"]
[WhiteElo "2610"]
[BlackElo "2605"]
[Annotator "Ftacnik,L"]
[PlyCount "112"]
[EventDate "1989.11.??"]
[EventType "tourn"]
[EventRounds "11"]
[EventCountry "YUG"]
[EventCategory "15"]
[SourceTitle "CBM 016"]
[Source "ChessBase"]
[SourceDate "1990.06.01"]
[SourceVersion "1"]
[SourceVersionDate "1990.06.01"]
[SourceQuality "1"]

1. Nf3 Nf6 2. c4 e6 3. g3 d5 4. d4 dxc4 5. Bg2 Nc6 6. O-O Rb8 7. Nc3 (7. a4 b6
{N} 8. e3 Bb7 9. Nbd2 Na5 10. Qc2 Nd5 $1 11. Ne5 (11. Nxc4 Nb4 12. Qc3 Nd5 13.
Qc2) 11... Nb4 12. Qd1 $2 (12. Qc3 Nd5 $10) 12... Bxg2 13. Kxg2 Qd5+ 14. Qf3 f5
$17 {Alburt,L-Ivanov,I/USA ch/1989/0-1/41/}) 7... Bb4 8. Qc2 O-O 9. Rd1 Qe7 10.
e4 {N} (10. Bg5 $14) 10... Bxc3 (10... e5 11. Nxe5 Nxe5 12. dxe5 Qxe5 13. Bf4
Qe7 14. Nb5 $36) 11. bxc3 e5 12. d5 Na5 (12... Nd8 13. a4 (13. Nxe5 $5 Qxe5 14.
Bf4 Qe8 15. Bxc7 Ra8 16. e5 $36) 13... Ne8 14. Ba3 Nd6 15. Nd2 $14) 13. Qa4 b6
14. Ba3 Qe8 15. Qc2 Nb7 (15... Bg4 $5) 16. Bxf8 Kxf8 17. Nd2 Nd6 18. Rab1 Bd7
19. Re1 Ba4 20. Qc1 Kg8 21. Bf1 b5 22. Rb4 (22. f4 $1 Nd7 23. Nf3 f6 24. Bh3
$16) 22... Nd7 $5 (22... a5 23. Rxa4 $1 bxa4 24. Qa3 $16) 23. Nxc4 Nxc4 24.
Bxc4 a5 25. Rxa4 bxa4 26. Qa3 Nb6 27. Bd3 Qf8 28. Qxf8+ Kxf8 29. Rb1 Ke7 30.
Rb5 Nd7 31. Rxa5 Rb2 32. Bc4 Nb6 33. d6+ Kxd6 (33... cxd6 34. Ra7+ $16) 34.
Bxf7 Rc2 35. f4 exf4 36. gxf4 Rxc3 37. Kf2 Ke7 38. Bg8 Kf8 39. Be6 Ke7 40. Bg8
Kf8 41. Bxh7 Rc2+ 42. Kg3 Rxa2 43. Rc5 a3 44. Rxc7 Ra1 45. Ra7 a2 46. Kh4 Nc4
47. e5 Rf1 48. Rxa2 Rxf4+ 49. Kg5 Rd4 50. Ra8+ Ke7 51. Ra7+ Rd7 52. Rxd7+ Kxd7
53. e6+ Ke7 54. Kg6 Ne5+ 55. Kxg7 Nf3 56. h3 Kxe6 {Ftacnik} 1/2-1/2